000 01464nam a2200313 a 4500
003 CO-CtgCURN
005 20250329165425.0
008 160531s2012 000 0 eng d
040 _aCO-CtgCURN
_bspa
_ccoctgcurn
082 0 _aDER 2012
_bL864
100 1 _aLópez Pacheco, Diana.
245 1 0 _aIncidencias del tratado de libre comercio de Colombia con Estados Unidos en el sector portuario e industrial de la ciudad de Cartagena /
_cDiana López Pacheco, Jorge Palacio Ruiz ; asesor, Aura Echeverria.
260 _aCartagena de Indias :
_bCorporación Universitaria Rafael Nuñez,
_c2012.
300 _a1 CD-Rom.
336 _2rdacontent
337 _2rdamedia
_asin mediacion
_bn
338 _2rdacarrier
_avolumen
_bnc
500 _aIncluye anexos.
502 _aTrabajo de grado (Abogado). Corporación Universitaria Rafael Nuñez. Facultad de Ciencias Sociales y Humanas. Programa de Derecho, 2012.
504 _aIncluye bibliografia.
590 _aDerecho
650 0 _aDerecho
_vTesis y disertaciones academicas.
651 0 _aTratado de Libre Comercio
_zColombia.
700 1 _aPalacio Ruiz, Jorge.
700 1 _aEcheverria, Aura,
_easesor.
856 7 _uhttps://unicurn.sharepoint.com/:b:/s/biblioteca/Eax0A9_LJtFIh_rEmYlFGsgBjI_Gq214YSK3vszmVRequw?e=amtsGY
_zClick aqui para ver el recurso en texto completo
942 _hDER 2012
_iL864
_2ddc
_cTG
999 _c3519
_d3519